Петроградский район на стройке (Запись № 6278230)
[ простой вид ]
| 000 -МАРКЕР | |
|---|---|
| контрольное поле | 01562nam0a22003491 4500 |
| 001 - ИДЕНТИФИКАТОР ЗАПИСИ | |
| контрольное поле | rc\2676043 |
| 005 - ИДЕНТИФИКАТОР ВЕРСИИ | |
| контрольное поле | 20250623153232.0 |
| 035 ## - ДРУГИЕ СИСТЕМНЫЕ НОМЕРА | |
| Идентификатор записи | (NLR Aleph) 006804490 |
| 100 ## - ДАННЫЕ ОБЩЕЙ ОБРАБОТКИ | |
| Данные общей обработки | 20110915d1932 |||y0rusy50 ca |
| 101 0# - ЯЗЫК РЕСУРСА | |
| Язык текста, звукозаписи и т.д. | русский |
| 102 ## - СТРАНА ПУБЛИКАЦИИ ИЛИ ПРОИЗВОДСТВА | |
| Страна публикации | Российская Федерация |
| 105 ## - ПОЛЕ КОДИРОВАННЫХ ДАННЫХ: ТЕКСТОВЫЕ МАТЕРИАЛЫ, МОНОГРАФИЧЕСКИЕ | |
| Кодированные данные о монографическом текстовом документе | a z ||||| |
| 135 ## - ПОЛЕ КОДИРОВАННЫХ ДАННЫХ: ЭЛЕКТРОННЫЕ РЕСУРСЫ | |
| Кодированные данные для электронного ресурса | crmn mmmanaba |
| 200 1# - ЗАГЛАВИЕ И СВЕДЕНИЯ ОБ ОТВЕТСТВЕННОСТИ | |
| Основное заглавие | Петроградский район на стройке |
| Сведения, относящиеся к заглавию | Сборник |
| Первые сведения об ответственности | Под ред. Г. Пальцева |
| 210 ## - ПУБЛИКАЦИЯ, РАСПРОСТРАНЕНИЕ И ДР. | |
| Место издания, распространения и т.д. | Ленинград |
| Имя издателя, распространителя и т. д. | Петрогр. райком ВКП(б) |
| Дата издания, распространения и т.д. | 1932 |
| Имя изготовителя | тип. "Печатный двор" |
| 215 ## - ФИЗИЧЕСКАЯ ХАРАКТЕРИСТИКА | |
| Специфическое обозначение материала и объем | Обл., 78, [2] с. |
| Другие сведения о физической характеристике | ил. |
| Размеры | 30х22 см. |
| 225 1# - СЕРИЯ | |
| Основное заглавие серии | К 15-летию Октябрьской революции |
| 325 1# - ПРИМЕЧАНИЕ О КОПИИ | |
| Текст примечания | Копия доступна в электронной библиотеке РНБ |
| 702 #1 - ИМЯ ЛИЦА - ВТОРИЧНАЯ ОТВЕТСТВЕННОСТЬ | |
| Начальный элемент ввода | Пальцев |
| Часть имени, кроме начального элемента ввода | Г. |
| Код отношения | Редактор |
| 801 #0 - ИСТОЧНИК ЗАПИСИ | |
| Страна | Российская Федерация |
| Организация | NLR |
| Правила каталогизации | psbo |
| 801 #1 - ИСТОЧНИК ЗАПИСИ | |
| Страна | Российская Федерация |
| Организация | ELAR |
| Источник данных | rusmarc |
| 852 ## - МЕСТОНАХОЖДЕНИЕ И ШИФР ХРАНЕНИЯ | |
| Идентификатор организации | NLR |
| Шифр хранения (Call Number) | 32-13/668 |
| 942 ## - ДОПОЛНИТЕЛЬНЫЕ ЭЛЕМЕНТЫ ЗАПИСИ (АБИС) | |
| Тип экземпляра АБИС | Книга |
| 980 ## - КОЛЛЕКЦИЯ | |
| Название коллекции | Национальная библиография |
| 981 22 - КОЛЛЕКЦИЯ ЭЛЕКТРОННОЙ БИБЛИОТЕКИ | |
| Название коллекции | Материалы по истории России |
| Название подколлекции | 2.04. История промышленности и торговли |
| 981 22 - КОЛЛЕКЦИЯ ЭЛЕКТРОННОЙ БИБЛИОТЕКИ | |
| Название коллекции | Материалы по истории России |
| Название подколлекции | 3. История России с 25 октября (7 ноября) 1917 года |
| 981 43 - КОЛЛЕКЦИЯ ЭЛЕКТРОННОЙ БИБЛИОТЕКИ | |
| Название коллекции | Тематическая подборка Санкт-Петербург |
| Название подколлекции | 08.1. Промышленность |
| 981 34 - КОЛЛЕКЦИЯ ЭЛЕКТРОННОЙ БИБЛИОТЕКИ | |
| Название коллекции | Санкт-Петербург |
| Тип экземпляра | Дата поступления | Библиотека постоянного хранения | Библиотека текущего хранения | Место хранения | Шифр хранения | Штрих-код | Статус экземпляра |
|---|---|---|---|---|---|---|---|
| Книга | 17.03.2021 | РНБ (Садовая) | РНБ (Садовая) | Русский книжный фонд -Главное здание, Ленинский читальный зал | 32-13/668 | ERR-200813 |